000 00355nam a2200133Ia 4500
008 100328s9999 xx 000 0 und d
082 _b53890
100 _aअंतरकर आनंद-संपा.
245 _aहंस कथा-1
260 _bहंस
630 _aहंस कथा-1
730 _aहंस कथा-1
942 _cBOOK
999 _c540621
_d540618